| 000 | 00619nam a2200265Ia 4500 | ||
|---|---|---|---|
| 008 | 160803s9999 xx 000 0 und d | ||
| 020 | _a9780545726399 | ||
| 100 | _aBusby, Cylin | ||
| 245 | _aBlink once / | ||
| 245 | _cCylin Busby. | ||
| 260 | _aNew York : | ||
| 260 | _bScholastic Inc. | ||
| 260 | _c2012 | ||
| 300 | _a290 pages ; | ||
| 300 | _c20 cm | ||
| 650 | _aHaunted places -- | ||
| 650 | _aNightmares -- | ||
| 650 | _aParalysis -- | ||
| 650 | _aPeople with disabilities -- | ||
| 650 | _xFiction. | ||
| 650 | _xFiction. | ||
| 650 | _xFiction. | ||
| 650 | _xFiction. | ||
| 700 | _a680 | ||
| 999 |
_c299837 _d299837 |
||